[Event "Pardubice Czech op-J 30th"]
[Site "Pardubice"]
[Date "2019.07.12"]
[Round "1"]
[White "Tarkowski, Bartosz"]
[Black "Brunova, Blanka"]
[Result "0-1"]
[WhiteElo "1404"]
[BlackElo "1970"]
[PlyCount "50"]
[EventDate "2019.07.12"]
[EventType "swiss"]
[EventRounds "7"]
[EventCountry "CZE"]
[SourceTitle "CBM 192 Extra"]
[Source "Chessbase"]
[SourceDate "2019.11.06"]
[SourceVersion "1"]
[SourceVersionDate "2019.11.06"]
[SourceQuality "1"]

1. e4 c5 2. Nf3 Nc6 3. d4 cxd4 4. Nxd4 Nf6 5. Nc3 e5 6. Ndb5 d6 7. Bd3 a6 8. Na3 b5 9. Nd5 Nxd5 10. exd5 Ne7 11. c3 g6 12. 0-0 Bg7 13. f4 0-0 14. fxe5 dxe5 15. c4 bxc4 16. Bxc4 Bb7 17. d6 Nf5 18. d7 Qb6+ 19. Kh1 Qc6 20. Rf2 Rad8 21. Rd2 Rxd7 22. Qe2 Nh4 23. Rc2 Qxg2+ 24. Qxg2 Rd1+ 25. Bf1 Rxf1# 0-1